Vojaci v Slovenskom národnom povstaní 2014 nástenný kalendár Vojenského historického ústavu

Bibliographic Details
Main Author: Cséfalvay, František, 1953- (Author)
Other Authors: Čaplovič, Miloslav, 1971- (Editor)
Format: Photo
Language:Slovak
PhysicalDescription:1 kalendár (12 l.) fareb. 30 x 21 cm
Published: Bratislava Vojenský historický ústav [2013]
Subjects:

MARC

LEADER 00000nkm a22000005a 4500
001 vtls010585061
003 SK-MaSNL
005 20260301133708.0
007 kf cou
008 200701s2013 xo kuslo
015 |a SNBG2014 
040 |a SNK  |b slo  |c SNK  |e AACR2 
041 0 |a slo 
043 |a e-xo--- 
044 |a xo  |c SK 
080 |a 355.426(437.6)"1944"  |2 2001 
080 |a 355.11  |2 2001 
080 |a (059)  |2 2001 
245 0 0 |a Vojaci v Slovenskom národnom povstaní 2014  |h grafika  |b nástenný kalendár Vojenského historického ústavu  |c [editor: Miloslav Čaplovič ; námet a autor textu: František Cséfalvay ; grafická úprava: Marek Kacvinský] 
260 |a Bratislava  |b Vojenský historický ústav  |c [2013] 
300 |a 1 kalendár (12 l.)  |b fareb.  |c 30 x 21 cm 
648 7 |a 1944  |2 SNKPH  |9 294704 
650 0 7 |a Slovenské národné povstanie (1944)  |2 SNKPH  |9 177948 
650 0 7 |a vojaci  |2 SNKPH  |9 20587 
655 7 |a nástenné kalendáre  |2 SNKPH  |9 70664 
700 1 |a Čaplovič, Miloslav,  |d 1971-  |4 edt  |9 102005 
700 1 |a Cséfalvay, František,  |d 1953-  |4 aut  |9 13736 
700 1 |a Kacvinský, Marek  |4 bkd  |9 334593 
710 2 |a Vojenský historický ústav (Bratislava, Slovensko)  |4 pbl  |9 31770 
958 |a GBN 
999 |c 754458  |d 756388 
952 |a SNK  |b SNK  |y PREZ  |7 0  |p 17A1106489  |o snkOSC 26773  |i snk2014/7711  |8 0  |0 0  |1 0  |4 0  |d 2014-03-24  |l 0  |r 2026-02-23 23:44:46  |w 2026-02-23